Management and organisational behaviour (Record no. 3377)

MARC details
000 -LEADER
fixed length control field 01688nam a22001817a 4500
020 ## - INTERNATIONAL STANDARD BOOK NUMBER
ISBN 0077099451
050 ## - CALL NUMBER
Classification number HD58.7
Item number .B62
100 ## - AUTHOR
Personal name Wendy Bloisi
245 ## - TITLE
Title Management and organisational behaviour
Statement of responsibility, etc Wendy Bloisi; Curtis W Cook; Phillip L Hunsaker
260 ## - PUBLICATION INFORMATION
Place of publication Maidenhead, Berkshire : ,
Name of publisher McGraw-Hill
Year of publication 2003.
300 ## - DESCRIPTION
Number of Pages xxv, 764 pages :;
Other physical details illustrations
Dimensions 27 cm
500 ## - NOTES
General note Includes index
505 ## - FORMATTED CONTENTS NOTE
Table of Content Part 1. What Managers and Organisations Do<br/>Chapter 1. Introduction to Management and Organisational Behaviour<br/>Chapter 2. Managers and Organisations<br/>Chapter 3. Organisational Strategy, Planning and Continuous Improvement<br/><br/>Part 2. The Individual : Managing People --<br/>Chapter 4. Understanding Perception, Learning and Personality<br/>Chapter 5. Motivation Principles at Work<br/>Chapter 6. Motivation Methods and Application <br/>Chapter 7. Self-management at Work: Managing Careers and Stress<br/><br/>Part 3. Groups and teams : managing behaviour between people.<br/>Chapter 8. Communicating for Understanding and Results<br/>Chapter 9. Creating Productive Interpersonal Relationships <br/>Chapter 10. Building Groups into Teams<br/>Chapter 11. Conflict Management and Negotiation <br/><br/>Part 4. The Role of the Manager; Leadership Practicee<br/>Chapter 12. Ethical Problem-solving and Decision-Making<br/>Chapter 13. Power and Politics<br/>Chapter 14. Leadership<br/><br/>Part 5. Developing the Organisation <br/>Chapter 15. Orgaisational Structure and Design <br/>Chapter 16. Creating and Changing Organisational Culture <br/>Chapter 17. Organisational Change, Development and Innovation
650 ## - SUBJECTS
Topical Term Organisational Behaviour
700 ## - OTHER AUTHORS
Personal name Cook, Curtis W.
700 ## - OTHER AUTHORS
Personal name Hunsaker, Phillip L.
942 ## - ADDED ENTRY ELEMENTS (KOHA)
Koha item type Books
Holdings
Withdrawn status Lost status Collection code Home library Current library Shelving location Date acquired Full call number Accession Number Koha item type
    Reference Methodist University Library Main Methodist University Library Main General Stacks 22/11/2007 HD58.7 B62 18672 Books
    Reference Methodist University Library Main Methodist University Library Main General Stacks 22/11/2007 HD58.7 B62 29335 Books
    Non-fiction Methodist University Library Main Methodist University Library Main General Stacks 22/11/2007 HD58.7 B62 30816 Books
    Reference Methodist University Library Main Methodist University Library Main General Stacks 29/11/2007 HD58.7 .B62 18671 Books
Copyright © 2026  MUG Library